-
BARI, SANJAY KUMAR AND MOMIN, YASMIN. JADGE, DHANRAJ. YELIGAR, VEERENDRA.
Entry Personal Name
Number of records used in: 1
001 - CONTROL NUMBER
003 - CONTROL NUMBER IDENTIFIER
005 - DATE AND TIME OF LATEST TRANSACTION
- control field:
20210827131913.0
008 - FIXED-LENGTH DATA ELEMENTS
- fixed length control field:
210827|| aca||aabn | a|a d
040 ## - CATALOGING SOURCE
- Original cataloging agency:
OSt
- Transcribing agency:
OSt
100 ## - HEADING--PERSONAL NAME
- Personal name:
BARI, SANJAY KUMAR AND MOMIN, YASMIN. JADGE, DHANRAJ. YELIGAR, VEERENDRA.
670 ## - SOURCE DATA FOUND
- Source citation:
Work cat.: (OSt)6044: BARI, SANJAY KUMAR AND MOMIN, YASMIN. JADGE, DHANRAJ. YELIGAR, VEERENDRA., TEXTBOOK OF PHARMACEUTICAL ANALYSIS - I